Конструкции сооружений взрывоопасных производств. Теоретические основы проектирования

Podrobná bibliografie
Hlavní autor: Пилюгин Л. П. Лев Павлович
Jazyk:ruština
Vydáno: Москва, Стройиздат, 1988
Témata:
Médium: MixedMaterials Kniha
KOHA link:https://koha.lib.tpu.ru/cgi-bin/koha/opac-detail.pl?biblionumber=373426

MARC

LEADER 00000nam0a2200000 4500
001 373426
005 20231102012550.0
010 |a 5274001505 
020 |a RU  |b 89-1030 
035 |a (RuTPU)RU\TPU\retro\30855 
035 |a RU\TPU\book\270694 
090 |a 373426 
100 |a 20221216d1988 k y0rusy5003 ca 
101 0 |a rus 
102 |a RU 
105 |a a z 000zy 
200 1 |a Конструкции сооружений взрывоопасных производств. Теоретические основы проектирования  |f Л. П. Пилюгин 
210 |a Москва  |c Стройиздат  |d 1988 
215 |a 314 с.  |c ил. 
320 |a Библиогр.: с. 311-313 (61 назв.) 
606 1 |a Взрывоопасные помещения  |x Проектирование  |2 stltpush  |3 (RuTPU)RU\TPU\subj\2400  |9 30976 
610 1 |a взрывоопасные помещения 
610 1 |a аварийные ситуации 
610 1 |a пожароопасные помещения 
610 1 |a предохранительные устройства 
675 |a 699.81  |z rus 
700 1 |a Пилюгин  |b Л. П.  |g Лев Павлович 
801 0 |a RU  |b RuMRKP  |c 19950417  |g psbo 
801 1 |a RU  |b 63413507  |c 20140127 
801 2 |a RU  |b 63413507  |c 20221216  |g RCR 
942 |c BK